Travelling things : = Dinge auf Wanderungen

Bibliographische Detailangaben
Weitere Verfasser: Lüthi, Barbara 1969- (HerausgeberIn), Niedermeier, Silvan 1981- (HerausgeberIn), I, Yu jae 1983- (HerausgeberIn)
Format: Buch
Sprache:English
German
Veröffentlicht: Leipzig : Leipziger Universitätsverlag, [2019]
Mit dem übergeordneten Werk verknüpfte Titel:Comparativ 28. Jahrgang, Heft 3 (2018)
Zugriff auf das übergeordnete Werk:Comparativ
Schlagworte:Sachkultur Ding Kulturbeziehungen Transnationalisierung Interaktion
Umfang:123 Seiten
LEADER 01000cam a2200265 c 4500
001 166247010X
003 DE-627
005 20250410185746.0
007 tu
008 190328s2019 gw ||||| 00| ||eng c
015 |a 19,N11  |2 dnb 
015 |a 20,A34  |2 dnb 
016 7 |a 1180060636  |2 DE-101 
020 |a 3960232454  |9 3-96023-245-4 
020 |a 9783960232452  |c : EUR 12.00 (DE), EUR 12.40 (AT), CHF 13.63 (freier Preis)  |9 978-3-96023-245-2 
024 3 |a 9783960232452 
035 |a (DE-627)166247010X 
035 |a (DE-603)446892823 
035 |a (DE-599)KXP166247010X 
035 |a (OCoLC)1143658082 
035 |a (OCoLC)1090653346 
040 |a DE-627  |b ger  |c DE-627  |e rda 
041 |a eng  |a ger 
044 |c XA-DE-SN 
082 0 4 |a 300  |a 900  |q DE-101 
084 |a NK 1300  |q DE-14/sred  |2 rvk  |0 (DE-625)rvk/125873: 
245 0 0 |a Travelling things  |b  = Dinge auf Wanderungen  |c herausgegeben von Barbara Lüthi, Silvan Niedermeier und You Jae Lee 
246 3 1 |a Dinge auf Wanderungen 
264 1 |a Leipzig  |b Leipziger Universitätsverlag  |c [2019] 
264 4 |c © 2019 
300 |a 123 Seiten  |b Illustrationen, Diagramme 
336 |a Text  |b txt  |2 rdacontent 
337 |a ohne Hilfsmittel zu benutzen  |b n  |2 rdamedia 
338 |a Band  |b nc  |2 rdacarrier 
490 1 |a Comparativ  |v 28. Jahrgang, Heft 3 (2018) 
546 |a Text teilweise in Deutsch, teilweise in Englisch 
546 |a Zusammenfassungen teilweise in Deutsch, teilweise in Englisch 
583 1 |a Archivierung/Langzeitarchivierung gewährleistet  |f PESN  |x XA-DE-SN  |2 pdager  |5 DE-14 
648 7 |a Geschichte  |2 gnd 
655 7 |a Aufsatzsammlung  |0 (DE-588)4143413-4  |0 (DE-627)105605727  |0 (DE-576)209726091  |2 gnd-content 
689 0 0 |D s  |0 (DE-588)4051157-1  |0 (DE-627)106178369  |0 (DE-576)209091630  |a Sachkultur  |2 gnd 
689 0 1 |D s  |0 (DE-588)4132411-0  |0 (DE-627)105687936  |0 (DE-576)209635347  |a Ding  |2 gnd 
689 0 2 |D s  |0 (DE-588)4033552-5  |0 (DE-627)106256688  |0 (DE-576)209002611  |a Kulturbeziehungen  |2 gnd 
689 0 3 |D s  |0 (DE-588)7612596-8  |0 (DE-627)566945800  |0 (DE-576)281064725  |a Transnationalisierung  |2 gnd 
689 0 4 |D s  |0 (DE-588)4027266-7  |0 (DE-627)106285335  |0 (DE-576)208970134  |a Interaktion  |2 gnd 
689 0 |5 (DE-627) 
700 1 |a Lüthi, Barbara  |d 1969-  |e herausgeberin  |0 (DE-588)129854298  |0 (DE-627)481958371  |0 (DE-576)297870734  |4 edt 
700 1 |a Niedermeier, Silvan  |d 1981-  |e herausgeberin  |0 (DE-588)105585570X  |0 (DE-627)793851483  |0 (DE-576)41190910X  |4 edt 
700 1 |a I, Yu jae  |d 1983-  |e herausgeberin  |0 (DE-588)1126757624  |0 (DE-627)881343412  |0 (DE-576)484770918  |4 edt 
830 0 |a Comparativ  |v 28. Jahrgang, Heft 3 (2018)  |9 2018,28,3  |w (DE-627)170590135  |w (DE-576)032852401  |w (DE-600)1078370-2  |x 0940-3566  |7 am 
856 4 2 |u https://swbplus.bsz-bw.de/bsz166247010xcov.jpg  |m B:V:DE-576  |m B:X:UVL  |q image/jpeg  |v 20190424102204  |x Verlag  |3 Cover  |7 1 
856 4 2 |u https://swbplus.bsz-bw.de/bsz166247010Xinh.htm  |m V:DE-576  |m X:UVL  |v 20220713164005  |3 Inhaltsverzeichnis  |7 1 
856 4 2 |u https://d-nb.info/1180060636/04  |m B:DE-101  |q application/pdf  |3 Inhaltsverzeichnis  |7 1 
912 |a GBV_ILN_11 
912 |a ISIL_DE-1a 
912 |a SYSFLAG_1 
912 |a GBV_KXP 
912 |a GBV_ILN_21 
912 |a ISIL_DE-46 
912 |a GBV_ILN_22 
912 |a ISIL_DE-18 
912 |a GBV_ILN_24 
912 |a ISIL_DE-8 
912 |a GBV_ILN_31 
912 |a ISIL_DE-27 
912 |a GBV_ILN_39 
912 |a ISIL_DE-547 
912 |a GBV_ILN_40 
912 |a ISIL_DE-7 
912 |a GBV_ILN_50 
912 |a ISIL_DE-23 
912 |a GBV_ILN_60 
912 |a ISIL_DE-705 
912 |a GBV_ILN_70 
912 |a ISIL_DE-89 
912 |a GBV_ILN_350 
912 |a ISIL_DE-2795 
912 |a GBV_ILN_350_ 
912 |a GBV_ILN_2004 
912 |a ISIL_DE-25-31b 
912 |a GBV_ILN_2005 
912 |a ISIL_DE-291-313 
912 |a ISIL_DE-291-307 
912 |a GBV_ILN_2006 
912 |a ISIL_DE-14 
912 |a GBV_ILN_2007 
912 |a ISIL_DE-352 
912 |a GBV_ILN_2009 
912 |a ISIL_DE-180 
912 |a GBV_ILN_2010 
912 |a ISIL_DE-15 
912 |a GBV_ILN_2011 
912 |a ISIL_DE-16 
912 |a GBV_ILN_2012 
912 |a ISIL_DE-16-34 
912 |a GBV_ILN_2036 
912 |a ISIL_DE-Stg117 
912 |a GBV_ILN_2505 
912 |a ISIL_DE-B478 
912 |a GBV_ILN_2579 
912 |a ISIL_DE-Mz5 
936 r v |a NK 1300  |b Einzelbeiträge  |k Geschichte  |k Weltgeschichte, Darstellungen Allgemeine Geschichte einzelner Staaten und Völker Teilgebiete der Geschichte, Sammelwerke  |k Weltgeschichte und allgemeine Geschichte der Staaten und Völker  |k Weltgeschichte  |k Einzelbeiträge  |0 (DE-627)1270943790  |0 (DE-625)rvk/125873:  |0 (DE-576)200943790 
951 |a BO 
980 |2 11  |1 01  |x 0001  |b 3486205064  |c 00  |f 2  |d Zsn 85337-28,1/3.2018  |e f  |j --%%--  |c 07  |f --%%--  |d Zsn 85337-28,3.2018  |e --%%--  |j --%%--  |y k  |z 12-06-19 
980 |2 21  |1 01  |x 0046  |b 3417198038  |c 00  |f E03  |d z hil 001 ja/20-28  |e d  |j --%%--  |y zza  |z 21-03-17 
980 |2 22  |1 01  |x 0018  |b 3587285926  |c 00  |f SUB  |d A/746697  |e s  |j --%%--  |y zu  |z 04-02-20 
980 |2 24  |1 01  |x 0008  |b 3453622677  |c 00  |f 10 gsa 244k  |d Xa 3913-28,1-3  |e d  |j --%%--  |y zz1  |z 29-04-19 
980 |2 31  |1 01  |x 0027  |b 3417579937  |c 00  |f J 23  |d HIS:ZC:8000  |e s  |j --%%--  |y z  |z 01-04-19 
980 |2 39  |1 01  |x 0547  |b 341750242X  |c 00  |f LS  |d NA 3450-28,3  |e s  |j --%%--  |y zet9  |z 19-12-19 
980 |2 40  |1 01  |x 0007  |b 3603439236  |c 00  |f --%%--  |d Bestellung über Zeitschriftentitel  |e f  |j --%%--  |k Bestellen/Vormerken? Suchen Sie nach der Signatur ZA 93570; bestellen Sie dort den Band 28  |y ksn  |z 04-03-20 
980 |2 50  |1 01  |x 0023  |b 3476613062  |c 00  |f --%%--  |d F8°4590:28,3  |e u  |j --%%--  |k Sammelband  |y k  |z 16-05-19 
980 |2 60  |1 01  |x 0705  |b 3593845199  |c 00  |f PAE  |d HIS 001:Z13061-0028,02  |e c  |j --%%--  |k Dieses Heft finden Sie in unserem Zeitschriftenbestand  |y b  |z 12-02-20 
980 |2 70  |1 80  |x 89/19  |b 432501263X  |c 00  |f FBSBB  |d Z Hist 120 (2018,3)  |e f  |j --%%--  |y ksg  |z 24-05-23 
980 |2 350  |1 01  |x 8293  |b 3417908256  |c 00  |f KELLER  |d Z 610 -28.2018,3  |e i  |j --%%--  |y z  |z 03-04-19 
980 |2 2004  |1 01  |x DE-25-31b  |b 3472119489  |c 00  |f --%%--  |d Frei 31b: ZC 580-28,3  |e p  |j --%%--  |y l01  |z 08-05-19 
980 |2 2005  |1 01  |x DE-291-313  |b 3420982208  |c 00  |f --%%--  |d Z 64:28,3  |e p  |j --%%--  |y l01  |z 08-04-19 
980 |2 2005  |1 12  |x DE-291-307  |b 3533125262  |c 00  |f --%%--  |d IK 31 COM 1(2018:3)  |e --%%--  |j --%%--  |y l01  |z 31-10-19 
980 |2 2006  |1 01  |x DE-14  |b 3422748148  |c 00  |f --%%--  |d --%%--  |e --%%--  |j --%%--  |y l01  |z 17-04-19 
980 |2 2007  |1 01  |x DE-352  |b 3417195772  |c 00  |f --%%--  |d --%%--  |e --%%--  |j --%%--  |y l01  |z 28-03-19 
980 |2 2009  |1 01  |x DE-180  |b 3421739552  |c 00  |f 300  |d 300 NK 1300 C737-28,3  |e --%%--  |j n  |y l01  |z 14-04-19 
980 |2 2010  |1 01  |x DE-15  |b 3621203958  |c 00  |f --%%--  |d --%%--  |e --%%--  |j --%%--  |y l01  |z 09-04-20 
980 |2 2011  |1 01  |x DE-16  |b 3605351085  |c 00  |f --%%--  |d ZSA 8047 B  |e --%%--  |j --%%--  |y l01  |z 09-03-20 
980 |2 2012  |1 01  |x DE-16-34  |b 3493621965  |c 00  |f --%%--  |d On 718  |e p  |j --%%--  |y l01  |z 16-07-19 
980 |2 2036  |1 01  |x DE-Stg117  |b 3565953578  |c 00  |f --%%--  |d AP/ 1164, 28  |e --%%--  |j --%%--  |k angebunden  |y l01  |z 17-12-19 
980 |2 2505  |1 01  |x DE-B478  |b 3472104554  |c 00  |f --%%--  |d --%%--  |e --%%--  |j --%%--  |y l01  |z 08-05-19 
980 |2 2579  |1 01  |x DE-Mz5  |b 4700439394  |c 00  |f IEG/2  |d ZCO 10-28,3  |e p  |j n  |y l01  |z 02-04-19 
982 |2 2505  |1 01  |x DE-B478  |8 00  |s s  |0 (DE-627)1486951953  |a 19. Jahrhundert 
982 |2 2505  |1 01  |x DE-B478  |8 00  |s s  |0 (DE-627)1486952011  |a 20. Jahrhundert 
982 |2 2505  |1 01  |x DE-B478  |8 00  |s s  |0 (DE-627)1486952038  |a 21. Jahrhundert 
983 |2 60  |1 00  |x DE-705  |8 04  |a HIS 001 
984 |2 31  |1 01  |x 0027  |a 27$030677009 
984 |2 39  |1 01  |x 0547  |a 547$016063376 
984 |2 350  |1 01  |x 8293  |a 8293000567532 
984 |2 2011  |1 01  |x DE-16  |a 056761163 
984 |2 2012  |1 01  |x DE-16-34  |a 607967565 
985 |2 21  |1 01  |x 0046  |a fe 8420-28 
985 |2 22  |1 01  |x 0018  |a zsb 
985 |2 50  |1 01  |x 0023  |a F/8f/004590:28,3 
985 |2 70  |1 80  |x 89/19  |a BBG ZS 11 
985 |2 2005  |1 01  |x DE-291-313  |a Z 814a 
985 |2 2012  |1 01  |x DE-16-34  |a GE-1900644 
985 |2 2579  |1 01  |x DE-Mz5  |a 2018.558 
998 |2 40  |1 01  |x 0007  |0 2020-03  |f 8 
998 |2 2005  |1 01  |x DE-291-313  |0 1904  |f EZG 
998 |2 2005  |1 12  |x DE-291-307  |0 1911  |f IK